SADCC forest industries training centre (FITC) regional Africa : (Record no. 170125)

MARC details
000 -LEADER
fixed length control field 00835nam a2200241 a 4500
008 - FIXED-LENGTH DATA ELEMENTS--GENERAL INFORMATION
fixed length control field
040 ## - CATALOGING SOURCE
Original cataloging agency NUST
Transcribing agency NUST
049 ## - LOCAL HOLDINGS (OCLC)
Holding library MAIN
090 ## - LOCALLY ASSIGNED LC-TYPE CALL NUMBER (OCLC); LOCAL CALL NUMBER (RLIN)
Classification number (OCLC) (R) ; Classification number, CALL (RLIN) (NR) TS875
Local cutter number (OCLC) ; Book number/undivided call number, CALL (RLIN) LIU
003 - CONTROL NUMBER IDENTIFIER
control field
005 - DATE AND TIME OF LATEST TRANSACTION
control field 20230123141236.0
100 ## - MAIN ENTRY--PERSONAL NAME
Personal name Liukkonen, Olavi
245 10 - TITLE STATEMENT
Title SADCC forest industries training centre (FITC) regional Africa :
Remainder of title introduction to particleboard technology /
Statement of responsibility, etc. Olavi Liukkonen
260 ## - PUBLICATION, DISTRIBUTION, ETC.
Place of publication, distribution, etc. Rome :
Name of publisher, distributor, etc. Food and Agriculture Organization Of the United Nations,
Date of publication, distribution, etc. 1990.
300 ## - PHYSICAL DESCRIPTION
Extent 55 pages :
Other physical details illustrations ;
Dimensions 30 cm.
336 ## - CONTENT TYPE
Content type term text
Content type code txt
Source rdacontent
337 ## - MEDIA TYPE
Media type term unmediated
Media type code n
Source rdamedia
338 ## - CARRIER TYPE
Carrier type term volume
Carrier type code nc
Source rdacarrier
650 ## - SUBJECT ADDED ENTRY--TOPICAL TERM
Topical term or geographic name entry element Particle board technology
700 ## - ADDED ENTRY--PERSONAL NAME
Personal name Ricerche, Consorzio and Agrital
907 ## - LOCAL DATA ELEMENT G, LDG (RLIN)
a .b10416572
b 23-03-22
c 23-03-22
942 ## - ADDED ENTRY ELEMENTS (KOHA)
Koha item type Ordinary Loan Books
Call number prefix TS875
Call number suffix LIU
Holdings
Date last seen Total Checkouts Full call number Barcode Cost, replacement price Price effective from Koha item type Lost status Source of classification or shelving scheme Damaged status Not for loan Collection Withdrawn status Home library Current library Shelving location Date acquired Cost, normal purchase price
01/23/2023   TS875 LIU 92004051555 80.00 01/23/2023 BOOKS   LCC     NFIC   MAIN MAIN GEN 01/23/2023 80.00